Cricket: Highest ODI Partnerships by Wicket - Statistics

General Stats
  • This quiz has been taken 15 times
  • The average score is 9 of 20
Answer Stats
For Against Year Wicket Runs Answer % Correct
WI ZIM 2015 2nd 372 Chris Gayle
100%
Shai Hope
73%
SA ZIM 2015 5th 256* David Miller
60%
JP Duminy
60%
Marlon Samuels
60%
Ajay Jadeja
53%
WI BAN 2014 3rd 258 Darren Bravo
53%
WI IRE 2019 1st 365 John Campbell
47%
Lasith Malinga
47%
IND ZIM 1998 4th 275* Mohammad Azharuddin
47%
ENG NZ 2015 7th 177 Jos Buttler
40%
Luke Ronchi
40%
Michael Holding
40%
SL AUS 2010 9th 132 Angelo Mathews
33%
Denesh Ramdin
33%
NZ SL 2015 6th 267* Grant Elliot
33%
WI ENG 1984 10th 106* Sir Viv Richards
33%
Andrew Hall
20%
Adil Rashid
13%
SA IND 2006 8th 138* Justin Kemp
13%
No matching quizzes found
Score Distribution
Percent of People with Each Score
Percentile by Number Answered
Your Score History
You have not taken this quiz